00210nam a22000977a 4500003000400000082001800004100001700022245003500039260003000074300000800104SGT a616.462bN96K aKAPUR , ANIL aNOVO NORDISK DIABTES UPDATE 96 aINDIAbNOVO NORDISKc1996 a124